| 000 | 00352nam a2200145Ia 4500 | ||
|---|---|---|---|
| 008 | 150201s2008 xx 000 0 und d | ||
| 082 |
_a612 _bE08K |
||
| 100 | _aKHURANA, INDU | ||
| 245 | _aESSENTIALS OF MEDICAL PHYSIOLOGY | ||
| 250 | _a1ST | ||
| 260 |
_bELSEVIER _aDELHI _c2008 |
||
| 300 | _a1-681 | ||
| 650 | _aHUMAN PHYSIOLOGY | ||
| 942 |
_2ddc _cBK _010 |
||
| 999 |
_c1280 _d1280 |
||